00199nam a2200085Ia 4500008004100000100001400041245002800055260002100083260000900104170620s9999 xx 000 0 und d aTyagi - S 0aCode of Civil Procedure bCentral Law Pub. c2001